Caesar Cipher - Statistics

General Stats
  • This quiz has been taken 12 times
    10 since last reset
  • The average score is 9 of 12
Answer Stats
Code Shift Answer % Correct
bghbjdm 1 chicken
100%
jvumpklua -7 confident
100%
bkqjzwpekj 4 foundation
100%
wlph -3 time
100%
xuqhj 10 heart
80%
Acgqck -14 Moscow
80%
illy 19 beer
60%
Nafs ini sty inj -5 Ivan did not die
60%
Punt Igxzkx -6 John Carter
60%
Pmlozib 3 Sporcle
60%
yzdswscw -10 optimism
40%
hcushvsf 12 together
40%
No matching quizzes found
Score Distribution
Percent of People with Each Score
Percentile by Number Answered
Your Score History
You have not taken this quiz since the last reset